| 000 | 00394nam a2200121Ia 4500 | ||
|---|---|---|---|
| 008 | 220620s9999||||xx |||||||||||||| ||und|| | ||
| 100 | _aChristian Dawson (Ed.) | ||
| 245 | 0 | _aApplied Artificial Neural Networks | |
| 546 | _aEnglish[eng] | ||
| 650 | _aDeep learning||Artificial Neural Networks||Data Mining||Machine Learning | ||
| 856 | _uhttp://www.mdpi.com/books/pdfview/book/236 | ||
| 942 | _cEB | ||
| 999 |
_c30569 _d30569 |
||